More Knitted Animals Quiz Stats

Quiz Updated Sep 3, 2015

Also try: Knitted Animals
Challenge
Share
Tweet
Score 0/24 Timer 03:00
0 Plays Today
Hint Answer % Correct
lobster
97.9%
rhinoceros
97.7%
parrot
96.1%
kangaroo
96%
mouse
96%
giraffe
95.9%
panda
95.9%
mallard
95.3%
ladybug
94.5%
llama
93.3%
hippopotamus
91.8%
beaver
91.7%
Hint Answer % Correct
hedgehog
91.1%
aardvark
90.7%
armadillo
87.2%
inchworm
86.7%
toucan
86.1%
duck-billed platypus
86.1%
walrus
85.5%
woodpecker
84.8%
otter
83.6%
lemur
80.2%
wolf
78.2%
blue jay
67.2%

You're not logged in!

Compare scores with friends on all Sporcle quizzes.
Sign Up with Email
OR
Log In

You Might Also Like...

Show Comments

Extras

Top Quizzes Today


Score Distribution

Your Account Isn't Verified!

In order to create a playlist on Sporcle, you need to verify the email address you used during registration. Go to your Sporcle Settings to finish the process.